Biodegradovateľné polymérne zmesi pre technológiu vyfukovania

Salvato in:
Dettagli Bibliografici
Autore principale: Heilandová, Kristína (Autore)
Altri autori: Vanovčanová, Zuzana (Relatore della tesi)
Natura: Manoscritto Libro
Lingua:slovacco
Pubblicazione: 2021
Soggetti:
Accesso online:http://is.stuba.sk/zp/portal_zp.pl?podrobnosti=157631
Tags: Aggiungi Tag
Nessun Tag, puoi essere il primo ad aggiungerne!!

MARC

LEADER 00000ntm a22000003a 4500
001 stuzp85050
003 SK-STU
005 20210605211202.4
007 ta
008 150427s2015----xo-----f-mn---000-0-slo-d
040 |a STU  |b slo 
041 0 |a slo 
100 1 |a Heilandová, Kristína  |u 049370  |4 aut  |U FCHPT Ústav prírodných a syntetických polymérov  |T FCHPT Oddelenie plastov, kaučuku a vlákien  |X 76791  |U C9370  |Y 128  |7 76791 
242 0 1 |a Biodegradable polymer blends for blow molding technology  |y eng 
245 1 0 |a Biodegradovateľné polymérne zmesi pre technológiu vyfukovania 
260 |c 2021 
650 4 |a kyselina polymliečna (PLA)  |2 slo 
650 4 |a polyhydroxybutyrát (PHB)  |2 slo 
650 4 |a antiblokovacie činidlá  |2 slo 
650 4 |a polyhydroxybutyrate (PHB)  |2 eng 
650 4 |a antiblock agents  |2 eng 
650 4 |a polylactic acid (PLA)  |2 eng 
700 1 |a Vanovčanová, Zuzana  |u 049370  |k Z1  |4 ths  |U FCHPT Ústav prírodných a syntetických polymérov  |T FCHPT Oddelenie plastov, kaučuku a vlákien  |X 65313  |U C9370  |Y 128  |7 A0000065313 
856 4 |u http://is.stuba.sk/zp/portal_zp.pl?podrobnosti=157631